| 000 | 01651nam0a22003251 4500 | ||
|---|---|---|---|
| 001 | rc\4706112 | ||
| 005 | 20260407071546.0 | ||
| 021 |
_aRU _b[66-64755] |
||
| 035 | _a(NLR Aleph) 008721383 | ||
| 090 |
_a9420016 _c9420016 |
||
| 100 | _a20130416d1966 |||y0rusy50 ca | ||
| 101 | 0 | _arus | |
| 102 | _aRU | ||
| 105 | _aa z ||||| | ||
| 200 | 1 |
_aСтруктурно-типологическое описание современных германских языков _e[Сборник статей _fОтв. ред. д-р филол. наук В.Н. Ярцева] _gАН СССР. Ин-т языкознания |
|
| 210 |
_aМосква _cНаука _d1966 |
||
| 215 |
_a323 с. _cчерт. _d21 |
||
| 300 | _aРезюме статей на англ. и нем. яз. | ||
| 300 | _aНа корешке загл.: Структурно-типологическое описание германских языков | ||
| 320 | _aСписок использ. пер. романа Л.Н. Толстого "Анна Каренина": с. 195-196 | ||
| 516 | 0 | _aСтруктурно-типологическое описание германских языков | |
| 606 |
_aСтруктурная типология (лингв.) _jСборники _2psbo |
||
| 606 |
_aГерманские языки _xТипология _jСборники _2psbo |
||
| 702 | 1 |
_4340 _7ca _8rus _aЯрцева _bВ. Н. _cд-р филол. наук _f1906-1999 _gВиктория Николаевна _3RU\NLR\AUTH\770280542 _92652509 |
|
| 801 | 0 |
_aRU _bNLR _gpsbo |
|
| 801 | 1 |
_aRU _bELAR _2rusmarc |
|
| 852 |
_aNLR _j66-3/4913 |
||
| 942 | _cBOOK | ||
| 980 | _aNB | ||